000 01341nam a22003737a 4500
003 CHAP
005 20220329133621.0
008 971013s1992 r 00010 d
010 _a8608
011 _a9580
035 _a8815
040 _cCHAP
090 _aTesis
100 0 0 _aTorres Aquino, Margarita.
_9114042
245 _aRespuesta de portainjertos de cítricos a la inoculación con hongos V-A; efecto de la aplicación de benomil y fósforo sobre la simbiosis naranjo agrio-hongo endomicorrízico
260 _aMontecillo, Méx. :
_bEl autor,
_c1992
300 _a98 h.
_b; gráfs. ; anexo
502 _aTesis (M.C. Esp. en Edafología) -- C.P. Centro de Edafología
590 _aALEPH
_b10
_c20130110
_lUCH01
_h1224
590 _aBATCH-UPD
_b10
_c20130110
_lUCH01
_h0056
590 _aBATCH-UPD
_b10
_c20130110
_lUCH01
_h1538
590 _aBATCH-UPD
_b10
_c20130409
_lUCH01
_h2045
590 _aBATCH-UPD
_b10
_c20130914
_lUCH01
_h1545
590 _aCONVERSION
_b10
_c20130109
_lUCH01
_h1306
650 1 4 _aGlomus.
_948310
650 1 4 _aNaranja
_xCrecimiento.
_980148
650 1 4 _aPlantas
_xInoculación.
_988843
650 1 4 _aPortainjertos.
_990968
650 1 4 _aSimbiosis.
_9106148
901 _aBK
942 _cFOLL
949 _bBC
_cTES
_d-19164
_eTS1
_h25915
_i8815
_mD
_si
949 _bBC
_cTES
_d-19166
_eTS2
_fc.2
_h25916
_i8815
_mD
_si
999 _c8608
_d8608